Mario Kart Tracks in other Languages - Statistics

General Stats
  • This quiz has been taken 14 times
  • The average score is 27 of 56
Answer Stats
Course Language Course % Correct
Cloudstreet German Cloudtop Cruise
86%
Coconut Outlet Italian Coconut Mall
86%
Sizzling Sandplain Dutch Dry Dry Desert
86%
Grumpy Volcano Portuguese Grumble Volcano
86%
Luigi's Palace Russian Luigi's Mansion
86%
Mario Kart Arena Chinese Mario Kart Stadium
86%
Rainbow Boulevard German Rainbow Road
86%
Rosalina's Glacier Italian Rosalina's Ice World
86%
Boo's Dizzy House Dutch Twisted Mansion
86%
Bullet Bill Pirate Ship Korean Airship Fortress
71%
Boo Bridges Dutch Boo Lake
71%
Koopa Hill Spanish Koopa Cape
71%
Moonlight Route Portuguese Moonview Highway
71%
Mushroom Ravine Portuguese Mushroom Gorge
71%
Tubes Frenzy German Piranha Plant Slide/Pipeway
71%
Cloud Courtyard Dutch Sky Garden
71%
Snowy Edges Russian Snow Land
71%
Ding-Dong Station Spanish Super Bell Subway
71%
Glougloop Park French Water Park
71%
Nature Road Japanese Wild Woods
71%
Great Dragon Wall German Dragon Driftway
57%
Eight Hairpin Italian Figure-8 Circuit
57%
SlipperyTwisting Park Chinese Ice Ice Outpost
57%
Silent City Chinese Mute City
57%
Koopa City Fever German Neo Bowser City
57%
Shy Guy Carnival Chinese Shy Guy Bazaar
57%
Accelerated Toilet Spanish Squeaky Clean Sprint
57%
Lugubrious Pontoon French Banshee Boardwalk
43%
Dry Bowser's Desert Dutch Bone-Dry Dunes
43%
Pianta Town Korean Delfino Square
43%
Sun-Sun Desert Japanese Desert Hills
43%
Donkey Jungle Park Japanese DK Jungle Parkway
43%
DK Alps French DK Pass
43%
Park of Lakes Portuguese Lakeside Park
43%
Cow Moo Grassland German Moo Moo Meadows
43%
Fluvial Park Portuguese Riverside Park
43%
Icy-Cool Zone Chinese Sherbet Land
43%
Greedy Canyon French Sweet Sweet Canyon
43%
Toad's Coast Italian Toad Harbour
43%
Worn-Out Pier Japanese Broken Pier
29%
Swirl Lagoon French Dolphin Shoals
29%
Bagel Fields Russian Donut Plains
29%
Warp Pipe Canyon Korean Piranha Plant Pipeline
29%
Blue Sea Land Russian Big Blue
14%
Mario Club French Electrodrome
14%
Brr Road French Frappe Snowland
14%
Madrilenian Meanders French Madrid Drive
14%
Japanese Manor Russian Ninja Hideaway
14%
Party Road German Ribbon Road
14%
Mount Scree French Rock Rock Mountain/Alpine Pass
14%
Straccitella Street Dutch Sky-High Sundae
14%
Twilight Land French Sunset Wilds
14%
Wild West Desert Dutch Kalamari Desert
0%
Road to the Sugar Shack French Maple Treeway
0%
Pine Tree Village Dutch Merry Mountain
0%
Tick-Tock Trauma German Tick Tock Cock
0%
No matching quizzes found
Score Distribution
Percent of People with Each Score
Percentile by Number Answered
Your Score History
You have not taken this quiz